El Manteniment de les instal·lacions esportives / coordinadors: Jaume Viñeta Balsells, Antoni Rebolleda Calendario Jaume Viñeta Balsells, Antoni Rebolleda Calendario
ISBN:
8477942005
Descripción Física:
245 p. . il. ; 24 cm
Colección:
Temes d'esports ; 4
MARC
| LEADER | 00000nam a2200000Ia 4500 | ||
|---|---|---|---|
| 001 | 9831 | ||
| 008 | 160829s1992 xx 000 0 cat d | ||
| 017 | |a DL B-4382-1996 | ||
| 020 | |a 8477942005 | ||
| 080 | |a P-1-21 | ||
| 245 | |a El Manteniment de les instal·lacions esportives / coordinadors: |b Jaume Viñeta Balsells, Antoni Rebolleda Calendario | ||
| 260 | |a Barcelona : |b Diputació de Barcelona, Servei d'Esports, |c 1992 | ||
| 300 | |a 245 p. . il. ; |c 24 cm | ||
| 490 | |a Temes d'esports ; 4 | ||
| 650 | |a Instal·lacions esportives |x Manteniment i reparació |9 21868 | ||
| 700 | |a Viñeta Balsells, Jaume, coord. |9 26842 | ||
| 700 | |a Rebolleda Calendario, Antoni, coord. |9 26843 | ||
| 710 | 1 | |a Barcelona (Catalunya : Província). |b Servei d'Esports |9 53772 | |
| 901 | |a Arxiu | ||
| 942 | |n 1 |2 udc | ||
| 952 | |0 0 |1 0 |4 0 |6 P121 |7 1 |9 44166 |a Arxiu |b Arxiu |d 2016-12-01 |l 0 |o P-1-21 |p 9831 |r 2016-12-01 00:00:00 |w 2016-12-01 |y ARXIU | ||
| 952 | |0 0 |1 0 |4 0 |6 PDL |7 1 |9 63884 |a Arxiu |b Arxiu |d 2022-09-09 |l 0 |o PDL |p 26800 |r 2022-09-09 00:00:00 |w 2022-09-09 |y ARXIU | ||
| 999 | |c 46746 |d 46746 | ||